Taxman's advanced management accounting. / (Record no. 1338)

MARC details
000 -LEADER
fixed length control field 01111nam a22001817a 4500
005 - DATE AND TIME OF LATEST TRANSACTION
control field 20210414114017.0
008 - FIXED-LENGTH DATA ELEMENTS--GENERAL INFORMATION
fixed length control field 120614t xxu||||| |||| 00| 0 eng d
020 ## - INTERNATIONAL STANDARD BOOK NUMBER
International Standard Book Number 8174968970
050 ## - LIBRARY OF CONGRESS CALL NUMBER
Classification number HF5657.4.K64
100 ## - MAIN ENTRY--PERSONAL NAME
Personal name Kishore, Ravi M.
245 ## - TITLE STATEMENT
Title Taxman's advanced management accounting. /
Statement of responsibility, etc. Ravi M.Kishore
250 ## - EDITION STATEMENT
Edition statement 2nd ed.
260 ## - PUBLICATION, DISTRIBUTION, ETC.
Place of publication, distribution, etc. India:
Name of publisher, distributor, etc. Taxman Allied Services Ltd,
Date of publication, distribution, etc. 2007.
300 ## - PHYSICAL DESCRIPTION
Extent various pagings ;
Dimensions 24 cm.
505 ## - FORMATTED CONTENTS NOTE
Formatted contents note Contents: Cost concepts -- Marginal costing -- Break-even and CVP analysis -- Budgeting and budgetary contrl -- Standard costing and variance analysis -- Differential, opportunity and relevant costing -- Joint product and by-products -- Product pricing -- Responsibility accouting -- Transfer pricing -- Capital budgeting -- Decision making under risk and uncertainty -- Cost control and cost reduction -- Training and development of human resources -- Learning curve model -- Activity based costing -- Life cycle costing -- Quality management and capacity management -- Just in time and MRP -- Quantitative techniques.
650 ## - SUBJECT ADDED ENTRY--TOPICAL TERM
Topical term or geographic name entry element Accounting
942 ## - ADDED ENTRY ELEMENTS (KOHA)
Source of classification or shelving scheme Library of Congress Classification
Koha item type Books
Holdings
Withdrawn status Lost status Source of classification or shelving scheme Damaged status Not for loan Home library Current library Shelving location Date acquired Total Checkouts Full call number Barcode Date last seen Copy number Price effective from Koha item type
    Library of Congress Classification     WISCONSIN INTERNATIONAL UNIVERSITY COLLEGE, GHANA - MAIN LIBRARY WISCONSIN INTERNATIONAL UNIVERSITY COLLEGE, GHANA - MAIN LIBRARY General Stacks 14/06/2012   HF5657.4.K64 3023/12 14/06/2012 1 14/06/2012 Books
    Library of Congress Classification     WISCONSIN INTERNATIONAL UNIVERSITY COLLEGE, GHANA - MAIN LIBRARY WISCONSIN INTERNATIONAL UNIVERSITY COLLEGE, GHANA - MAIN LIBRARY General Stacks 14/06/2012   HF5657.4.K641 3024/12 14/06/2012 2 14/06/2012 Books

If you have any concerns or questions; kindly contact the library


© Powered by WIUC ICT DIRECTORATE